|
|
|
|
| LEADER |
02760nam a22003853i 4500 |
| 001 |
EBC6955676 |
| 003 |
MiAaPQ |
| 005 |
20231204023222.0 |
| 006 |
m o d | |
| 007 |
cr cnu|||||||| |
| 008 |
231204s2015 xx o ||||0 ger d |
| 020 |
|
|
|a 9783839404508
|q (electronic bk.)
|
| 020 |
|
|
|z 9783899424508
|
| 035 |
|
|
|a (MiAaPQ)EBC6955676
|
| 035 |
|
|
|a (Au-PeEL)EBL6955676
|
| 035 |
|
|
|a (OCoLC)1049912728
|
| 040 |
|
|
|a MiAaPQ
|b eng
|e rda
|e pn
|c MiAaPQ
|d MiAaPQ
|
| 100 |
1 |
|
|a Schoon, Andi.
|
| 245 |
1 |
4 |
|a Die Ordnung der Klänge :
|b Das Wechselspiel der Künste vom Bauhaus zum Black Mountain College.
|
| 250 |
|
|
|a 1st ed.
|
| 264 |
|
1 |
|a Bielefeld :
|b transcript,
|c 2015.
|
| 264 |
|
4 |
|c {copy}2015.
|
| 300 |
|
|
|a 1 online resource (217 pages)
|
| 336 |
|
|
|a text
|b txt
|2 rdacontent
|
| 337 |
|
|
|a computer
|b c
|2 rdamedia
|
| 338 |
|
|
|a online resource
|b cr
|2 rdacarrier
|
| 490 |
1 |
|
|a Kultur- und Medientheorie
|
| 505 |
0 |
|
|a Cover Die Ordnung der Klänge -- Inhalt -- Einleitung: Das Prinzip Bauhaus -- 1. Verflechtungen von Musik und Kunst - Linien, die zum Bauhaus führen -- 1.1 Lessings Laokoon - Ästhetik statt Nachahmung -- 1.2 Wettstreit der Künste im 19. Jahrhundert -- 1.3 Strukturäquivalenzen im 20. Jahrhundert -- 2. Das Streben nach Kontrolle - Musik am Bauhaus -- 2.1 Utopien einer krisenhaften Zeit -- 2.2 Musikalische Maler und die Harmonisierung -- 2.3 Musik außerhalb der Werkstätten -- 2.4 Die Bauhaus-Bühne -- Einschub: Schulpolitik -- 2.5 László Moholy-Nagy und das konstruktivistische Bauhaus -- 2.6 Der beherrschte Klang -- 3. Die Suche nach der offenen Form - Musik am Black Mountain College -- 3.1 Die Schulgeschichte im Spiegel der US-Kultur -- 3.2 An American Salzburg: der Unterricht -- 3.3. Musik und Alltag -- 3.4 Kompositionen und wissenschaftliche Arbeiten -- Einschub: Schulpolitik -- 3.5 Auf dem Weg zum neuen Theater -- 3.6. John Cage: Open Forms -- 4. Formen und Funktionen - Linien, die vom Bauhaus ausgehen -- 4.1 Einlösungen zur Stunde Null -- 4.2 Einsickernde Utopien -- 4.3 Ordnung und Unordnung -- 5. Fazit: Ein Labor für visionäres Scheitern -- Nachschrift -- Literatur- und Quellenverzeichnis.
|
| 588 |
|
|
|a Description based on publisher supplied metadata and other sources.
|
| 590 |
|
|
|a Electronic reproduction. Ann Arbor, Michigan : ProQuest Ebook Central, 2023. Available via World Wide Web. Access may be limited to ProQuest Ebook Central affiliated libraries.
|
| 655 |
|
4 |
|a Electronic books.
|
| 776 |
0 |
8 |
|i Print version:
|a Schoon, Andi
|t Die Ordnung der Klänge
|d Bielefeld : transcript,c2015
|z 9783899424508
|
| 797 |
2 |
|
|a ProQuest (Firm)
|
| 830 |
|
0 |
|a Kultur- und Medientheorie
|
| 856 |
4 |
0 |
|u https://ebookcentral.proquest.com/lib/matrademy/detail.action?docID=6955676
|z Click to View
|